00883nam a2200169Ia 4500001001300000003001000013008004100023040002500064041000700089100001700096245005200113250001100165260002300176300001200199500049200211650001000703b5845-40384 IT-MiCISF161014s9999||||xx |||||||||||||| ||und|| aIT-MiCISFcIT-MiCISF ait aVarano Maria 0aTornerà?bCome parlare della morte ai bambini a1a ed. a TorinobEgac2002 app. 120 a / morte, infanzia, famiglia / Di fronte alla morte è normale provare rabbia, disperazione e senso di smarrimento; eppure gli adulti tendono a nascondere le loro emozioni nel tentativo di proteggere i bambini dal dolore. I bambini invece - come sottolinea l'A., psicologa e psicoterapeuta - devono avere lo spazio e la possibilità di manifestare le proprie emozioni insieme agli adulti, condividere i sentimenti all'interno della famiglia, a scuola, con i compagni e gli insegnanti.  amorte